Normal view
MARC view
- Using Microsoft windows 98 Preview edition
Entry Topical Term
001 - CONTROL NUMBER
- control field: 126825
003 - CONTROL NUMBER IDENTIFIER
- control field: NUST
005 - DATE AND TIME OF LATEST TRANSACTION
- control field: 20241111093444.0
008 - FIXED-LENGTH DATA ELEMENTS
- fixed length control field: 241111|| aca||aabn | a|a d
040 ## - CATALOGING SOURCE
- Original cataloging agency: NUST
- Transcribing agency: NUST
150 ## - HEADING--TOPICAL TERM
- Topical term or geographic name entry element: Using Microsoft windows 98 Preview edition
670 ## - SOURCE DATA FOUND
- Source citation: Work cat.: (NUST): Michael Miller 126824, Using Microsoft windows 98 Preview edition , 1998.
